000 00473nam a22001817a 4500
003 MPLRDC
005 20220104144045.0
008 210129b ||||| |||| 00| 0 eng d
020 _a957-8928-51-3
082 _a173.7 LSF
100 _a李尚丰
245 _a如何在30岁前克服人性的弱点
_c
260 _a
_b台湾广厦
_c1996
300 _b
490 _a售点读物. 27
650 _a一般心理学--品格; 个性; 人格
942 _cBK
_o173.7 LSF
999 _c45974
_d45964